[Event "SR 2. liga A 2010/2011"]
[Site "?"]
[Date "2010.12.05"]
[Round "21.5"]
[White "Sebo, Viktor"]
[Black "Dusik, Tomas"]
[Result "0-1"]
[WhiteElo "1903"]
[BlackElo "2149"]
[PlyCount "66"]
[EventDate "2010.??.??"]
[WhiteTeam "Slovakia"]
[BlackTeam "II"]
[WhiteTeamCountry "SVK"]
[BlackTeamCountry "SVK"]

1. e4 e5 2. Nf3 Nf6 3. Nc3 Bb4 4. d3 O-O 5. Bd2 Re8 6. Be2 c6 7. O-O d5 8. Nxd5
Nxd5 9. exd5 Bxd2 10. Qxd2 cxd5 11. d4 e4 12. Ne1 Nc6 13. c3 Qd6 14. Nc2 Re6
15. f4 Ne7 16. Ne3 Rf6 17. g3 Bh3 18. Rf2 Rg6 19. c4 Re8 20. Bh5 Rh6 21. Bg4
dxc4 22. Nxc4 Qd8 23. Bxh3 Rxh3 24. f5 Nd5 25. Re1 Rh6 26. Ne5 e3 27. Rxe3 Nxe3
28. Qxe3 Rd6 29. Qb3 Qe7 30. Re2 Red8 31. Kf2 Qf6 32. Nf3 Qxf5 33. Re5 Qd7 0-1

[Event "SR 2. liga A 2010/2011"]
[Site "?"]
[Date "2010.12.05"]
[Round "21.6"]
[White "Kundrak, Vladimir"]
[Black "Chovanec, Vladimir"]
[Result "0-1"]
[WhiteElo "1961"]
[BlackElo "2082"]
[PlyCount "62"]
[EventDate "2010.??.??"]
[WhiteTeam "Slovakia"]
[BlackTeam "II"]
[WhiteTeamCountry "SVK"]
[BlackTeamCountry "SVK"]

1. d3 d5 2. g3 c5 3. Nf3 Nc6 4. Bg2 Nf6 5. Nbd2 e6 6. e4 Be7 7. O-O b6 8. Re1
Bb7 9. e5 Nd7 10. Nf1 h6 11. h3 Qc7 12. Qe2 O-O-O 13. b3 Rdg8 14. Bb2 g5 15. g4
h5 16. N1h2 hxg4 17. Nxg4 Rg6 18. c4 d4 19. a3 Rg7 20. b4 Rgh7 21. b5 Na5 22.
Rab1 Rxh3 23. Bxh3 Rxh3 24. Nfh2 Nf8 25. f3 Ng6 26. Bc1 Nh4 27. Rf1 Rg3+ 28.
Kh1 Nxf3 29. Nxf3 Rxg4 30. Rg1 Rh4+ 31. Kg2 g4 0-1

[Event "SR 2. liga A 2010/2011"]
[Site "?"]
[Date "2010.12.05"]
[Round "21.7"]
[White "Labar, Eduard"]
[Black "Sustak, Roman"]
[Result "1/2-1/2"]
[WhiteElo "2002"]
[BlackElo "1966"]
[PlyCount "106"]
[EventDate "2010.??.??"]
[WhiteTeam "Slovakia"]
[BlackTeam "II"]
[WhiteTeamCountry "SVK"]
[BlackTeamCountry "SVK"]

1. d4 Nf6 2. Nf3 e6 3. Bg5 Be7 4. Nbd2 h6 5. Bh4 d5 6. e3 b6 7. Bd3 c5 8. c3
O-O 9. Ne5 Bb7 10. O-O Nbd7 11. Ndf3 Rc8 12. Qe2 g5 13. Bg3 Ne4 14. Nxd7 Qxd7
15. Ne5 Qd8 16. Qh5 Kg7 17. f3 Nxg3 18. hxg3 Qe8 19. Kf2 f5 20. Rh1 Qxh5 21.
Rxh5 Bd6 22. f4 Bxe5 23. dxe5 g4 24. Rhh1 Rfd8 25. Rhd1 d4 26. Bc4 Kf7 27. a4
Be4 28. a5 dxc3 29. bxc3 Rxd1 30. Rxd1 Ke7 31. axb6 axb6 32. Ra1 Rb8 33. Bb5
Ra8 34. Ra6 Rxa6 35. Bxa6 Bd5 36. Bd3 Kd7 37. Bb5+ Kc7 38. c4 Be4 39. Kg1 Kd8
40. Kf2 Ke7 41. Kf1 Kf8 42. Kf2 Kg7 43. Kg1 Bd3 44. Kf2 h5 45. Kg1 h4 46. Kh2
hxg3+ 47. Kxg3 Kh6 48. Kf2 Kh5 49. g3 Kh6 50. Ke1 Kg7 51. Kd2 Bf1 52. Kc3 Kf8
53. Kb3 Be2 1/2-1/2

[Event "SR 2. liga A 2010/2011"]
[Site "?"]
[Date "2010.12.05"]
[Round "21.8"]
[White "Horvath, Marek"]
[Black "Bedac, Jozef"]
[Result "1-0"]
[WhiteElo "1820"]
[BlackElo "1706"]
[PlyCount "27"]
[EventDate "2010.??.??"]
[WhiteTeam "Slovakia"]
[BlackTeam "II"]
[WhiteTeamCountry "SVK"]
[BlackTeamCountry "SVK"]

1. e4 e5 2. Nf3 Nc6 3. d4 exd4 4. Nxd4 Bc5 5. Be3 Qf6 6. c3 Nxd4 7. cxd4 Bb6 8.
Nc3 c6 9. Be2 Ne7 10. O-O O-O 11. e5 Qe6 12. Ne4 Nf5 13. Qd3 d5 14. exd6 1-0

[Event "SR 2. liga A 2010/2011"]
[Site "?"]
[Date "2010.12.05"]
[Round "22.1"]
[White "Vavrak, Peter"]
[Black "Petreje, Juraj"]
[Result "1/2-1/2"]
[WhiteElo "2466"]
[BlackElo "2228"]
[PlyCount "80"]
[EventDate "2010.??.??"]
[WhiteTeam "Slovakia"]
[BlackTeam "II"]
[WhiteTeamCountry "SVK"]
[BlackTeamCountry "SVK"]

1. d4 Nf6 2. c4 g6 3. g3 Bg7 4. Bg2 c5 5. d5 Qa5+ 6. Bd2 Qa6 7. Qb3 d6 8. Bc3
O-O 9. Nf3 Nbd7 10. O-O Nb6 11. Na3 Na4 12. Bd2 Bd7 13. Nb5 Rfc8 14. Ng5 h6 15.
Nh3 Ne8 16. Rab1 Nc7 17. Nxc7 Rxc7 18. Qc2 b5 19. b3 Nb6 20. Rfc1 bxc4 21. bxc4
Rb7 22. Nf4 Rab8 23. Be4 Ba4 24. Qd3 Nd7 25. Rxb7 Rxb7 26. Bc3 Bxc3 27. Qxc3
Ne5 28. Nd3 Nxd3 29. Bxd3 Be8 30. Qd2 Kh7 31. h4 Qa3 32. h5 Qb2 33. Qf4 Qf6 34.
Qxf6 exf6 35. Rc3 a5 36. Rb3 Rxb3 37. axb3 Kg7 38. Kg2 Bd7 39. hxg6 fxg6 40. f4
f5 1/2-1/2

[Event "SR 2. liga A 2010/2011"]
[Site "?"]
[Date "2010.12.05"]
[Round "22.3"]
[White "Tepper, Frantisek"]
[Black "Biro, Karol"]
[Result "1/2-1/2"]
[WhiteElo "2162"]
[BlackElo "2132"]
[PlyCount "35"]
[EventDate "2010.??.??"]
[WhiteTeam "Slovakia"]
[BlackTeam "II"]
[WhiteTeamCountry "SVK"]
[BlackTeamCountry "SVK"]

1. e4 c5 2. Nf3 d6 3. Bb5+ Bd7 4. Bxd7+ Qxd7 5. O-O Nc6 6. c3 Nf6 7. Re1 e6 8.
d3 Be7 9. Nbd2 Qc7 10. Nf1 a6 11. Bf4 h6 12. d4 e5 13. Bg3 O-O 14. d5 Nb8 15.
c4 g6 16. Qd3 Nh7 17. Ne3 Bf6 18. a3 1/2-1/2

[Event "SR 2. liga A 2010/2011"]
[Site "?"]
[Date "2010.12.05"]
[Round "22.4"]
[White "Mandak, Miroslav"]
[Black "Fabry, Robert"]
[Result "0-1"]
[WhiteElo "2069"]
[BlackElo "2190"]
[PlyCount "94"]
[EventDate "2010.??.??"]
[WhiteTeam "Slovakia"]
[BlackTeam "II"]
[WhiteTeamCountry "SVK"]
[BlackTeamCountry "SVK"]

1. Nf3 Nf6 2. c4 e6 3. Nc3 d5 4. d4 c6 5. Qb3 Nbd7 6. cxd5 exd5 7. Bg5 h6 8.
Bh4 Qa5 9. Nd2 Bb4 10. a3 Bd6 11. e3 O-O 12. Be2 Re8 13. O-O Qc7 14. Bg3 Bxg3
15. hxg3 Nf8 16. Rac1 Qe7 17. Qa4 Bg4 18. Qc2 Ne6 19. Bf3 Rad8 20. Na4 Ng5 21.
Nc5 Bxf3 22. Nxf3 Nfe4 23. Ne5 Nxc5 24. Qxc5 f6 25. Qxe7 Rxe7 26. Nd3 Nf7 27.
Rc2 Nd6 28. b3 Kf7 29. Ra1 g5 30. b4 h5 31. a4 a6 32. Rb1 Nc4 33. Rb3 Nd6 34.
Nc1 Rc8 35. Nd3 Rh8 36. Nc1 Kg6 37. Ne2 h4 38. gxh4 Rxh4 39. g3 Rh8 40. g4 Rh4
41. f3 Rh3 42. Kf2 Reh7 43. Rc1 Rh2+ 44. Kf1 R7h3 45. Ng1 Rg3 46. Rbc3 Rgg2 47.
f4 Ne4 0-1

[Event "SR 2. liga A 2010/2011"]
[Site "?"]
[Date "2010.12.05"]
[Round "22.5"]
[White "Mikulas, Dusan"]
[Black "Kebis, Milos"]
[Result "1-0"]
[WhiteElo "2122"]
[BlackElo "1994"]
[PlyCount "60"]
[EventDate "2010.??.??"]
[WhiteTeam "Slovakia"]
[BlackTeam "II"]
[WhiteTeamCountry "SVK"]
[BlackTeamCountry "SVK"]

1. e4 g6 2. d4 Bg7 3. Nc3 d6 4. f4 Nf6 5. Nf3 O-O 6. Bd3 c5 7. dxc5 dxc5 8. O-O
Nc6 9. Qe2 a6 10. e5 Nd5 11. Nxd5 Qxd5 12. Be4 Qd7 13. Be3 Qc7 14. Qf2 c4 15.
Bb6 Qd7 16. Rad1 Qe8 17. Bd5 Bg4 18. Bxc4 Qc8 19. Bb3 Qf5 20. h3 Bxf3 21. Qxf3
h5 22. g4 hxg4 23. hxg4 Qc8 24. Rf2 a5 25. Rh2 Ra6 26. Qh3 Re8 27. e6 fxe6 28.
f5 Kf8 29. Bxe6 Qb8 30. fxg6 Qf4 1-0

[Event "SR 2. liga A 2010/2011"]
[Site "?"]
[Date "2010.12.05"]
[Round "22.6"]
[White "Povysil, Peter"]
[Black "Milanov, Jasen"]
[Result "1/2-1/2"]
[WhiteElo "2012"]
[BlackElo "1955"]
[PlyCount "76"]
[EventDate "2010.??.??"]
[WhiteTeam "Slovakia"]
[BlackTeam "II"]
[WhiteTeamCountry "SVK"]
[BlackTeamCountry "SVK"]

1. d4 e6 2. e3 Nf6 3. Bd3 Be7 4. Nc3 d5 5. Bd2 b6 6. Nh3 Bb7 7. Qf3 Nbd7 8. Nf4
c6 9. Qg3 g6 10. O-O-O Qc7 11. e4 dxe4 12. Nxe4 Nxe4 13. Bxe4 Nf6 14. Bf3 O-O-O
15. Be3 Bd6 16. Qh4 Nd7 17. Nd3 f6 18. Rhe1 Rde8 19. Qh3 Re7 20. Bd2 Rhe8 21.
Bc3 Kb8 22. g3 e5 23. Qg2 f5 24. dxe5 Nxe5 25. Nxe5 Bxe5 26. Bxe5 Rxe5 27. Rxe5
Rxe5 28. Qf1 Qe7 29. Qd3 Kc7 30. Qc3 c5 31. Bxb7 Kxb7 32. Rd7+ Qxd7 33. Qxe5
Kc6 34. c3 Qd5 35. Qe8+ Qd7 36. Qe3 Qd5 37. Qe8+ Qd7 38. Qe3 Qd5 1/2-1/2

[Event "SR 2. liga A 2010/2011"]
[Site "?"]
[Date "2010.12.05"]
[Round "22.7"]
[White "Hecht, Tomas"]
[Black "Nepras, Martin"]
[Result "0-1"]
[WhiteElo "1994"]
[BlackElo "2008"]
[PlyCount "74"]
[EventDate "2010.??.??"]
[WhiteTeam "Slovakia"]
[BlackTeam "II"]
[WhiteTeamCountry "SVK"]
[BlackTeamCountry "SVK"]

1. e4 c6 2. d4 d5 3. e5 Bf5 4. h4 h6 5. g4 Be4 6. f3 Bh7 7. e6 fxe6 8. Bd3 Qd6
9. f4 Nf6 10. Bxh7 Nxh7 11. Qd3 Nf6 12. Qg6+ Kd8 13. Nf3 Nfd7 14. Nc3 e5 15.
Nxe5 Nxe5 16. Qxd6+ exd6 17. fxe5 dxe5 18. dxe5 Bb4 19. O-O Ke7 20. Bd2 Bc5+
21. Kg2 Nd7 22. e6 Nf6 23. g5 hxg5 24. hxg5 Ng4 25. Kg3 Ne5 26. Rae1 Bd6 27.
Bf4 Raf8 28. Rf2 Rxf4 29. Rxf4 Ng6 30. Ne2 Rf8 31. Ref1 Nxf4 32. Nxf4 Rxf4 33.
Rxf4 Kxe6 34. Kg4 Bxf4 35. Kxf4 g6 36. b4 b6 37. c3 b5 0-1

[Event "SR 2. liga A 2010/2011"]
[Site "?"]
[Date "2010.12.05"]
[Round "22.8"]
[White "Dolnak, Michal"]
[Black "Hefka, Vladimir"]
[Result "1-0"]
[WhiteElo "1878"]
[BlackElo "1991"]
[PlyCount "71"]
[EventDate "2010.??.??"]
[WhiteTeam "Slovakia"]
[BlackTeam "II"]
[WhiteTeamCountry "SVK"]
[BlackTeamCountry "SVK"]

1. d4 Nf6 2. c4 g6 3. Nf3 Bg7 4. g3 c5 5. Bg2 cxd4 6. Nxd4 O-O 7. Nc3 Nc6 8.
O-O Nxd4 9. Qxd4 d6 10. Qd2 Rb8 11. b3 b6 12. Bb2 Bb7 13. Nd5 Ne8 14. Bxg7 Kxg7
15. Ne3 Bxg2 16. Kxg2 Rb7 17. Qd4+ Kg8 18. Ng4 h5 19. Nh6+ Kh7 20. Qd5 Qd7 21.
Nxf7 Nf6 22. Ng5+ Kh8 23. Qd3 Qf5 24. Qxf5 gxf5 25. h4 Ng4 26. Ne6 Rf6 27. Nf4
Rh6 28. Rad1 Kg7 29. Rd5 Kf6 30. Rfd1 Ne5 31. Kf1 Nf7 32. Ke1 Rb8 33. a4 e6 34.
R5d3 Ke7 35. Nh3 Rc8 36. Ng5 1-0

[Event "SR 2. liga A 2010/2011"]
[Site "?"]
[Date "2010.12.05"]
[Round "23.1"]
[White "Vlcek, Stanislav"]
[Black "Kundrik, Peter"]
[Result "1-0"]
[WhiteElo "2257"]
[BlackElo "2226"]
[PlyCount "101"]
[EventDate "2010.??.??"]
[WhiteTeam "Slovakia"]
[BlackTeam "II"]
[WhiteTeamCountry "SVK"]
[BlackTeamCountry "SVK"]

1. e4 c5 2. Nf3 Nc6 3. d4 cxd4 4. Nxd4 Nf6 5. Nc3 e5 6. Ndb5 d6 7. Bg5 a6 8.
Na3 b5 9. Bxf6 gxf6 10. Nd5 f5 11. c3 Bg7 12. exf5 Bxf5 13. Nc2 O-O 14. Nce3
Be6 15. Bd3 f5 16. O-O Rb8 17. f4 Qd7 18. a4 Kh8 19. Rf2 e4 20. Bf1 Ne7 21.
axb5 Nxd5 22. Nxd5 axb5 23. Ra6 Rfc8 24. Nb4 d5 25. Rd2 Bf8 26. Nxd5 Rd8 27. c4
Bc5+ 28. Kh1 e3 29. Rd3 bxc4 30. Nf6 Qc7 31. Rxd8+ Rxd8 32. Qh5 Qf7 33. Rxe6
Qxh5 34. Nxh5 Kg8 35. g3 Rd2 36. Bxc4 Kf8 37. Nf6 Bd4 38. Re8+ Kg7 39. Nd5 Kf7
40. Re7+ Kf8 41. b3 h5 42. Rxe3 Bxe3 43. Nxe3 h4 44. Nxf5 h3 45. Bf1 Rd1 46.
Kg1 Kf7 47. b4 Ke6 48. Ne3 Rb1 49. b5 Kd6 50. Ng4 Kd5 51. Nf2 1-0

[Event "SR 2. liga A 2010/2011"]
[Site "?"]
[Date "2010.12.05"]
[Round "23.2"]
[White "Abel, Peter"]
[Black "Petrik, Stanislav"]
[Result "1/2-1/2"]
[WhiteElo "2172"]
[BlackElo "2187"]
[PlyCount "95"]
[EventDate "2010.??.??"]
[WhiteTeam "Slovakia"]
[BlackTeam "II"]
[WhiteTeamCountry "SVK"]
[BlackTeamCountry "SVK"]

1. c4 Nf6 2. Nc3 g6 3. g3 Bg7 4. Bg2 Nc6 5. d4 O-O 6. Nf3 d6 7. O-O Bg4 8. h3
Bd7 9. e4 e5 10. Be3 Re8 11. d5 Na5 12. Qe2 c5 13. dxc6 bxc6 14. Rfd1 Qc7 15.
Rac1 Red8 16. c5 dxc5 17. Bxc5 Be6 18. b3 Nb7 19. Rxd8+ Nxd8 20. Be3 Qa5 21.
Ne1 Nb7 22. Na4 Rc8 23. Nd3 Nd7 24. Ndc5 Ndxc5 25. Nxc5 Nxc5 26. Rxc5 Qa3 27.
Qd2 a6 28. Ra5 Qe7 29. Rxa6 c5 30. Qd6 Qxd6 31. Rxd6 c4 32. bxc4 Bxc4 33. a4
Ra8 34. Rd7 Bf8 35. Ra7 Rb8 36. Rc7 Bd3 37. a5 Rb1+ 38. Kh2 Ra1 39. Rd7 Bc4 40.
Bb6 Bb4 41. Ra7 Be2 42. Bc7 Bc3 43. h4 Kg7 44. Bb6 h5 45. Bh3 Bf3 46. Bg2 Be2
47. Bh3 Bf3 48. Bg2 1/2-1/2

[Event "SR 2. liga A 2010/2011"]
[Site "?"]
[Date "2010.12.05"]
[Round "23.3"]
[White "Vespia, Gianmarco"]
[Black "Mihalik, Marek"]
[Result "1/2-1/2"]
[WhiteElo "2021"]
[BlackElo "2080"]
[PlyCount "93"]
[EventDate "2010.??.??"]
[WhiteTeam "Slovakia"]
[BlackTeam "II"]
[WhiteTeamCountry "SVK"]
[BlackTeamCountry "SVK"]

1. e4 c5 2. Nf3 d6 3. d4 cxd4 4. Nxd4 Nf6 5. Nc3 a6 6. f3 e5 7. Nb3 Be7 8. Be3
O-O 9. Qd2 Be6 10. O-O-O Nbd7 11. g4 b5 12. h4 Nb6 13. Kb1 b4 14. Bxb6 Qxb6 15.
Nd5 Nxd5 16. exd5 Bd7 17. Bd3 a5 18. Rdg1 a4 19. Nc1 a3 20. g5 Qd4 21. c3 bxc3
22. bxc3 Rfb8+ 23. Nb3 Qf4 24. Qxf4 exf4 25. Kc2 Bd8 26. Rb1 Bb6 27. c4 Be3 28.
Kc3 Rb6 29. h5 Rab8 30. Nd2 Bxd2+ 31. Kxd2 Rb2+ 32. Kc3 g6 33. Rxb2 Rxb2 34.
Rb1 gxh5 35. Rxb2 axb2 36. Kxb2 h4 37. Bf1 h3 38. Kb3 h2 39. Bg2 f6 40. gxf6
Kf7 41. a4 Kxf6 42. a5 Bc8 43. Kc3 Ke5 44. Kd3 Ba6 45. Kc3 h5 46. Bh1 h4 47.
Kd3 1/2-1/2

[Event "SR 2. liga A 2010/2011"]
[Site "?"]
[Date "2010.12.05"]
[Round "23.4"]
[White "Stepanovic, Branislav"]
[Black "Krajnak, Robert"]
[Result "0-1"]
[WhiteElo "2011"]
[BlackElo "2083"]
[PlyCount "116"]
[EventDate "2010.??.??"]
[WhiteTeam "Slovakia"]
[BlackTeam "II"]
[WhiteTeamCountry "SVK"]
[BlackTeamCountry "SVK"]

1. e4 c5 2. Nf3 e6 3. d4 cxd4 4. Nxd4 Nc6 5. Nc3 d6 6. Be2 Nf6 7. Be3 Be7 8.
O-O Bd7 9. f4 O-O 10. Qe1 Nxd4 11. Bxd4 Bc6 12. Qg3 Re8 13. Rad1 Bf8 14. Bf3
Nd7 15. Kh1 b5 16. a3 a5 17. e5 Bxf3 18. Qxf3 b4 19. axb4 axb4 20. Ne4 Qc7 21.
Rd2 Ra5 22. exd6 Bxd6 23. Qg3 Bf8 24. f5 Qxg3 25. Nxg3 Rd5 26. c4 bxc3 27. Bxc3
Rxd2 28. Bxd2 exf5 29. Nxf5 Re2 30. Bc3 Nb6 31. Nd4 Re3 32. Nf5 Rd3 33. h3 Nd5
34. Rc1 g6 35. Nd4 Bh6 36. Rc2 Rd1+ 37. Kh2 Ne3 38. Re2 Nf1+ 39. Kg1 Be3+ 40.
Rxe3 Nxe3+ 41. Kf2 Nd5 42. Ne2 Nxc3 43. bxc3 f5 44. h4 Kf7 45. g3 Ke6 46. Nd4+
Kd5 47. h5 Rxd4 48. cxd4 Kxd4 49. hxg6 hxg6 50. Kf3 g5 51. Kg2 Ke4 52. Kf2 Kd3
53. Kf3 Kd2 54. g4 f4 55. Kf2 Kd3 56. Kf3 Kd4 57. Ke2 Ke4 58. Kf2 f3 0-1

[Event "SR 2. liga A 2010/2011"]
[Site "?"]
[Date "2010.12.05"]
[Round "23.5"]
[White "Farkas, Vladimir"]
[Black "Manak, Jozef"]
[Result "0-1"]
[WhiteElo "1946"]
[BlackElo "2032"]
[PlyCount "60"]
[EventDate "2010.??.??"]
[WhiteTeam "Slovakia"]
[BlackTeam "II"]
[WhiteTeamCountry "SVK"]
[BlackTeamCountry "SVK"]

1. e4 c5 2. Nf3 a6 3. d4 cxd4 4. Nxd4 Nf6 5. Nc3 e5 6. Nf3 Bb4 7. Bd2 Nc6 8.
Bd3 d5 9. exd5 Nxd5 10. Nxd5 Qxd5 11. Qe2 Bxd2+ 12. Qxd2 Be6 13. Qe3 f5 14. Be2
O-O 15. O-O f4 16. Qd3 e4 17. Qxd5 Bxd5 18. Ne1 Nd4 19. Bg4 Bc4 20. c3 Nc6 21.
Nc2 Bxf1 22. Rxf1 Rad8 23. Na3 Rfe8 24. Nb1 Ne5 25. Bd1 Nd3 26. b4 g5 27. a3
Kg7 28. c4 Nb2 29. Bb3 e3 30. Re1 exf2+ 0-1

[Event "SR 2. liga A 2010/2011"]
[Site "?"]
[Date "2010.12.05"]
[Round "23.6"]
[White "Manak, Adrian"]
[Black "Goga, Frantisek"]
[Result "1/2-1/2"]
[WhiteElo "1909"]
[BlackElo "1912"]
[PlyCount "108"]
[EventDate "2010.??.??"]
[WhiteTeam "Slovakia"]
[BlackTeam "II"]
[WhiteTeamCountry "SVK"]
[BlackTeamCountry "SVK"]

1. e4 c5 2. Nf3 d6 3. d4 cxd4 4. Nxd4 Nf6 5. Nc3 a6 6. Be3 e5 7. Nf3 h6 8. Bc4
Qc7 9. Qe2 b5 10. Bd5 Bb7 11. O-O-O Bxd5 12. Nxd5 Nxd5 13. exd5 Nd7 14. Nh4 g6
15. f4 Qc4 16. Qxc4 bxc4 17. fxe5 Nxe5 18. Rhe1 Be7 19. Nf3 Nxf3 20. gxf3 Kd7
21. Bd4 Bg5+ 22. Kb1 Rhe8 23. Bc3 Rxe1 24. Rxe1 Re8 25. Rxe8 Kxe8 26. b3 cxb3
27. axb3 Bf4 28. h3 f5 29. Kb2 g5 30. Bd4 h5 31. Kc3 g4 32. fxg4 fxg4 33. hxg4
h4 34. Bg1 a5 35. Kd3 h3 36. Ke4 h2 37. Bxh2 Bxh2 38. Kf5 Kf7 39. g5 Bg1 40.
g6+ Kg7 41. Ke6 Bc5 42. Kf5 Bb4 43. Kg5 Bc3 44. Kf5 Bb4 45. Kg5 Bd2+ 46. Kf5
Bc3 47. Kg5 Bd2+ 48. Kf5 Bc1 49. Ke6 Ba3 50. Kf5 Bc5 51. Kg5 Be3+ 52. Kf5 Bd4
53. Kg5 Bc3 54. Kf5 Bb4 1/2-1/2

[Event "SR 2. liga A 2010/2011"]
[Site "?"]
[Date "2010.12.05"]
[Round "23.7"]
[White "Jelenciak, Jozef"]
[Black "Nemsak, Denis"]
[Result "1-0"]
[WhiteElo "1934"]
[BlackElo "1791"]
[PlyCount "73"]
[EventDate "2010.??.??"]
[WhiteTeam "Slovakia"]
[BlackTeam "II"]
[WhiteTeamCountry "SVK"]
[BlackTeamCountry "SVK"]

1. e4 d5 2. exd5 Nf6 3. d4 Nxd5 4. c4 Nb6 5. Be3 g6 6. h3 Bg7 7. Nc3 O-O 8. Nf3
Nc6 9. Be2 e5 10. d5 Ne7 11. O-O Nf5 12. Bg5 f6 13. Bd2 c5 14. Ne4 Nd7 15. b4
b6 16. Rb1 Nd4 17. Nxd4 cxd4 18. c5 f5 19. Ng5 Nf6 20. Bc4 Kh8 21. d6 Bd7 22.
Nf7+ Rxf7 23. Bxf7 Bc6 24. Bg5 h6 25. Bxf6 Qxf6 26. Qb3 Rf8 27. Be6 f4 28. Bd5
Bb5 29. Rfe1 Qg5 30. c6 f3 31. Bxf3 d3 32. Re3 Rxf3 33. Rxf3 e4 34. Rg3 Qf4 35.
d7 Bf6 36. Qf7 Bxc6 37. Rxg6 1-0

[Event "SR 2. liga A 2010/2011"]
[Site "?"]
[Date "2010.12.05"]
[Round "23.8"]
[White "Strapko, Tomas"]
[Black "Henc, Marian"]
[Result "1-0"]
[WhiteElo "1892"]
[BlackElo "1909"]
[PlyCount "77"]
[EventDate "2010.??.??"]
[WhiteTeam "Slovakia"]
[BlackTeam "II"]
[WhiteTeamCountry "SVK"]
[BlackTeamCountry "SVK"]

1. d4 Nf6 2. c4 d6 3. Nc3 g6 4. e4 Na6 5. f4 c5 6. d5 Bg7 7. Nf3 Nc7 8. e5 Ng4
9. h3 Nh6 10. Bd3 Bf5 11. g4 Bxd3 12. Qxd3 a6 13. Qe4 f5 14. exf6 Bxf6 15. f5
gxf5 16. gxf5 Nf7 17. Rg1 b5 18. Bg5 Nxg5 19. Nxg5 Rg8 20. Ke2 Rxg5 21. Rxg5
Bxg5 22. Rg1 Bh6 23. Rg8+ Bf8 24. f6 Kd7 25. Qf5+ e6 26. Qxh7+ Kc8 27. Qf7 Kb7
28. dxe6 Qe8 29. Qxe8 Rxe8 30. e7 Bxe7 31. Rxe8 Nxe8 32. fxe7 bxc4 33. Ke3 Kc6
34. Ke4 Nc7 35. h4 Kd7 36. Nd5 Ne6 37. h5 Ke8 38. h6 Kf7 39. Kf5 1-0

[Event "SR 2. liga A 2010/2011"]
[Site "?"]
[Date "2010.12.05"]
[Round "24.1"]
[White "Schwarz, Dusan"]
[Black "Likavsky, Tomas"]
[Result "1/2-1/2"]
[WhiteElo "2294"]
[BlackElo "2459"]
[PlyCount "102"]
[EventDate "2010.??.??"]
[WhiteTeam "Slovakia"]
[BlackTeam "II"]
[WhiteTeamCountry "SVK"]
[BlackTeamCountry "SVK"]

1. d4 Nf6 2. c4 g6 3. Nc3 Bg7 4. e4 d6 5. f3 O-O 6. Nge2 c5 7. d5 e6 8. Ng3 h5
9. Bg5 Qa5 10. Qd2 a6 11. Bd3 b5 12. O-O bxc4 13. Bxc4 exd5 14. Nxd5 Qxd2 15.
Bxd2 Nc6 16. Ne2 Rb8 17. Rab1 Nxd5 18. Bxd5 Ne7 19. Bb3 Be6 20. Bxe6 fxe6 21.
Bc3 d5 22. Bxg7 Kxg7 23. exd5 exd5 24. Rfd1 Rfd8 25. b3 Kf6 26. Rbc1 Rbc8 27.
Nc3 Ke6 28. Rd2 c4 29. bxc4 dxc4 30. Re1+ Kf7 31. Rxd8 Rxd8 32. Re4 Rc8 33. g4
Rc5 34. Kf2 Nc8 35. Ke3 Nd6 36. Rd4 Nb5 37. Rd5 Rxd5 38. Nxd5 hxg4 39. fxg4 Ke6
40. Nb4 a5 41. Nc6 Nc3 42. Nxa5 Nxa2 43. Nxc4 Nc3 44. Kf4 Kf6 45. h4 Nd5+ 46.
Ke4 Nc3+ 47. Kf3 Nb5 48. Kf4 Nc7 49. Ne3 g5+ 50. hxg5+ Kg6 51. Ng2 Nd5+ 1/2-1/2

[Event "SR 2. liga A 2010/2011"]
[Site "?"]
[Date "2010.12.05"]
[Round "24.2"]
[White "Arendas, Marek"]
[Black "Janos, Martin"]
[Result "0-1"]
[WhiteElo "2089"]
[BlackElo "2250"]
[PlyCount "122"]
[EventDate "2010.??.??"]
[WhiteTeam "Slovakia"]
[BlackTeam "II"]
[WhiteTeamCountry "SVK"]
[BlackTeamCountry "SVK"]

1. e4 c5 2. Nf3 Nc6 3. d4 cxd4 4. Nxd4 e5 5. Nf3 Nf6 6. Nc3 Bb4 7. Qe2 d5 8.
exd5 Nxd5 9. Bd2 Nxc3 10. Bxc3 Bxc3+ 11. bxc3 O-O 12. Qe3 Bf5 13. Bb5 Bxc2 14.
Bxc6 bxc6 15. O-O f6 16. Rfc1 Bg6 17. c4 Qa5 18. Nh4 Bf7 19. Nf5 Qc7 20. Qc5
Kh8 21. Rab1 Bg6 22. g4 Bxf5 23. gxf5 Qd7 24. Rc3 Qxf5 25. Rb7 Rad8 26. Rg3 Rg8
27. Qxc6 e4 28. Rxa7 Rd1+ 29. Kg2 Rd2 30. Qb6 h6 31. Qe3 Rd3 32. Qe2 Rd4 33.
Re7 Qa5 34. Rxe4 Rd2 35. Qe3 Qxa2 36. Rh4 Qa8+ 37. Kh3 Qc8+ 38. Kg2 Qc6+ 39.
Kh3 Qd7+ 40. Kg2 Qb7+ 41. Kh3 Rd7 42. Rd4 Re7 43. Qd3 Re5 44. Qf3 Qc8+ 45. Kg2
Rf5 46. Qd1 Qc6+ 47. Kg1 Qc5 48. Qd2 Qb6 49. Qd3 Re5 50. Re3 Ra5 51. Qd1 Qa7
52. Rd7 Qa8 53. Qf3 Rg5+ 54. Kf1 Qa4 55. Rd4 Qc2 56. Rc3 Qb1+ 57. Rd1 Qg6 58.
Rdd3 Re8 59. Re3 Qb1+ 60. Ke2 Rb8 61. Re4 Rd8 0-1

[Event "SR 2. liga A 2010/2011"]
[Site "?"]
[Date "2010.12.05"]
[Round "24.3"]
[White "Janos, Jozef"]
[Black "Liptak, Dusan"]
[Result "1/2-1/2"]
[WhiteElo "2196"]
[BlackElo "2086"]
[PlyCount "49"]
[EventDate "2010.??.??"]
[WhiteTeam "Slovakia"]
[BlackTeam "II"]
[WhiteTeamCountry "SVK"]
[BlackTeamCountry "SVK"]

1. e4 e6 2. d4 d5 3. Nd2 c5 4. exd5 Qxd5 5. Ngf3 Nf6 6. Bc4 Qd8 7. O-O cxd4 8.
Nb3 Qc7 9. Bb5+ Bd7 10. Nbxd4 a6 11. Bxd7+ Nbxd7 12. Qe2 O-O-O 13. Bg5 Bd6 14.
Bh4 h6 15. Rfd1 Ne5 16. Nxe5 Bxe5 17. Bg3 Bxg3 18. hxg3 Rd5 19. Rd3 Kb8 20.
Rad1 Rhd8 21. Nf3 Qa5 22. Rxd5 Rxd5 23. Rxd5 Qxd5 24. c4 Qe4 25. Qxe4 1/2-1/2

[Event "SR 2. liga A 2010/2011"]
[Site "?"]
[Date "2010.12.05"]
[Round "24.4"]
[White "Hertel, Ondrej"]
[Black "Novak, Ivan"]
[Result "0-1"]
[WhiteElo "2072"]
[BlackElo "2233"]
[PlyCount "70"]
[EventDate "2010.??.??"]
[WhiteTeam "Slovakia"]
[BlackTeam "II"]
[WhiteTeamCountry "SVK"]
[BlackTeamCountry "SVK"]

1. d4 e6 2. c4 Bb4+ 3. Bd2 Bxd2+ 4. Nxd2 d6 5. Ngf3 Nd7 6. g3 b6 7. Bg2 Bb7 8.
e4 Ne7 9. O-O O-O 10. Qc2 Ng6 11. h4 Re8 12. Rfe1 e5 13. d5 a5 14. b3 Ndf8 15.
a3 Bc8 16. b4 Bg4 17. c5 Bxf3 18. Nxf3 bxc5 19. bxc5 Nd7 20. c6 Nc5 21. Bh3 Qb8
22. Rab1 Qa7 23. Rec1 h6 24. a4 Reb8 25. Rxb8+ Rxb8 26. h5 Nf8 27. Nxe5 Nb3 28.
Rb1 Nd4 29. Rxb8 Qxb8 30. Nd7 Nxd7 31. Qd1 Ne5 32. f4 Nef3+ 33. Kh1 Qb2 34. Bg2
Qf2 35. e5 Ne2 0-1

[Event "SR 2. liga A 2010/2011"]
[Site "?"]
[Date "2010.12.05"]
[Round "24.5"]
[White "Kovacova, Zuzana"]
[Black "Sturdik, Igor"]
[Result "1/2-1/2"]
[WhiteElo "2129"]
[BlackElo "2071"]
[PlyCount "81"]
[EventDate "2010.??.??"]
[WhiteTeam "Slovakia"]
[BlackTeam "II"]
[WhiteTeamCountry "SVK"]
[BlackTeamCountry "SVK"]

1. e4 Nf6 2. e5 Nd5 3. d4 d6 4. c4 Nb6 5. exd6 exd6 6. Nc3 Be7 7. Bd3 O-O 8.
Nge2 Bg4 9. O-O Nc6 10. f3 Bh5 11. a3 Bf6 12. Be3 Re8 13. Bf2 Bg6 14. b3 Bxd3
15. Qxd3 d5 16. c5 Nc8 17. Nf4 N8e7 18. Rfe1 Qd7 19. Nh5 Bg5 20. h4 Bh6 21. g4
f6 22. Kh2 Ng6 23. Bg3 a6 24. b4 Kf7 25. b5 Na5 26. bxa6 bxa6 27. Rxe8 Kxe8 28.
Qe2+ Kf7 29. f4 Nb3 30. Rd1 Re8 31. Qf3 Ne7 32. g5 Nf5 33. Nxd5 Nbxd4 34. Rxd4
Nxd4 35. Qg2 Qg4 36. Nhxf6 gxf6 37. Nxf6 Qd1 38. Qd5+ Re6 39. Qd7+ Re7 40. Qd5+
Re6 41. Qd7+ 1/2-1/2

[Event "SR 2. liga A 2010/2011"]
[Site "?"]
[Date "2010.12.05"]
[Round "24.6"]
[White "Puchart, Vladimir"]
[Black "Hajek, Lukas"]
[Result "1-0"]
[WhiteElo "2064"]
[BlackElo "1915"]
[PlyCount "51"]
[EventDate "2010.??.??"]
[WhiteTeam "Slovakia"]
[BlackTeam "II"]
[WhiteTeamCountry "SVK"]
[BlackTeamCountry "SVK"]

1. d4 Nf6 2. c4 e6 3. g3 Bb4+ 4. Bd2 Qe7 5. Bg2 Nc6 6. Nf3 Bxd2+ 7. Nbxd2 d6 8.
O-O a5 9. e4 e5 10. d5 Nb8 11. Ne1 O-O 12. Nd3 Na6 13. Qc2 Bd7 14. Rae1 Nb4 15.
Qb1 b5 16. f4 bxc4 17. Nxc4 Bb5 18. fxe5 Bxc4 19. exf6 gxf6 20. Nxb4 axb4 21.
Rf5 Bxa2 22. Qc1 Ra5 23. Ref1 Rc5 24. Qh6 Rc2 25. R1f4 Rc1+ 26. Kf2 1-0